| 000 | 00880nam a2200217 i 4500 | ||
|---|---|---|---|
| 001 | 187059 | ||
| 003 | ES-MaACL | ||
| 005 | 20250808232908.0 | ||
| 008 | 170407s1996 sp |||| | spa d | ||
| 020 | _a84-88973-36-5 | ||
| 080 | _a347.65(460) | ||
| 100 | 1 |
_aJordano Fraga, Francisco. _9162315 |
|
| 245 | 1 | 0 |
_aAcreedores del llamado a una sucesión "mortis causa" ante el ejercicio por éste del "ius delationis" / _cFrancisco Jordano Fraga. |
| 260 |
_a[Madrid] : _bColegio de Registradores de la Propiedad y Mercantiles de España, Centro de Estudios Registrales, _c[1996] |
||
| 300 |
_a395 p. ; _c23 cm. |
||
| 500 | _aÍndices. | ||
| 650 | 7 |
_aHerencias y sucesiones- _zEspaña _2 _9162042 |
|
| 710 | 2 |
_aColegio de Registradores de la Propiedad y Mercantiles de España. _bCentro de Estudios Registrales. _9162314 |
|
| 852 |
_aES-MaACL _jL-31381 |
||
| 999 |
_c187059 _d187059 |
||